| 000 | 00681nam a2200253Ia 4500 | ||
|---|---|---|---|
| 003 | OSt | ||
| 005 | 20221005082455.0 | ||
| 006 | a|||||r|||| 00| 0 | ||
| 007 | ta | ||
| 008 | 221004b |||||||| |||| 00| 0 mar d | ||
| 020 | _a8170392357 | ||
| 024 | _a26134 | ||
| 037 | _cTextual | ||
| 040 |
_aCRL _cCRL _bmar |
||
| 041 |
_2mar _amar |
||
| 082 | _aO155,1NJUx, 111N9 | ||
| 100 |
_aJunghare Indira Y _9611923 |
||
| 245 | 0 | _aPoetry Pond | |
| 260 |
_aNew Delhi _bSomaiya Publications Pvt Ltd India _c1999 |
||
| 300 |
_a115p. _ccm. |
||
| 650 | _aENGLISH LITERATURE | ||
| 942 |
_hO155,1NJUx, 111N9 _cTEXL _2cc |
||
| 999 |
_c989402 _d989402 |
||